000 00429nam a22001817a 4500
003 MPLRDC
005 20220104125348.0
008 210129b ||||| |||| 00| 0 eng d
082 _a857.9 XSa v.3
100 _a萧瑟
245 _a落星追魂. 三
_c
250 _a再版
260 _a
_b毅力出版社
_c1989
300 _b
490 _a萧瑟小说专辑. 2
650 _a武侠小说
942 _cBK
_o857.9 XSa v.3
999 _c26760
_d26750